000 00711nam a2200253Ia 4500
003 OSt
005 20220924114556.0
006 a|||||r|||| 00| 0
007 ta
008 220923b |||||||| |||| 00| 0 hin d
024 _a12175
037 _cTextual
040 _aARTS
_cARTS
_bhin
041 _2hin
_ahin
082 _a/\2:8640N1, 152H2
100 _aDaivajna Jivanatha
_9174335
245 0 _aVastu ratnavali
260 _aBenares
_bVidya vilas press
_c1942
300 _a190
_ccm.
650 _aSPIRurdALISM
_9174336
700 _a Jha Achyutananda
_9174337
942 _h/\2:8640N1, 152H2
_cTEXL
_2CC
999 _c394276
_d394276